<?xml version="1.0" encoding="UTF-8"?>
<record
    xmlns:xsi="http://www.w3.org/2001/XMLSchema-instance"
    xsi:schemaLocation="http://www.loc.gov/MARC21/slim http://www.loc.gov/standards/marcxml/schema/MARC21slim.xsd"
    xmlns="http://www.loc.gov/MARC21/slim">

  <leader>01211nam a22002537a 4500</leader>
  <datafield tag="952" ind1=" " ind2=" ">
    <subfield code="0">0</subfield>
    <subfield code="1">0</subfield>
    <subfield code="2">lcc</subfield>
    <subfield code="4">0</subfield>
    <subfield code="7">0</subfield>
    <subfield code="a">08</subfield>
    <subfield code="b">08</subfield>
    <subfield code="d">2013-03-21</subfield>
    <subfield code="l">7</subfield>
    <subfield code="m">1</subfield>
    <subfield code="o">QP300 E564 2010</subfield>
    <subfield code="p">08 004504</subfield>
    <subfield code="r">2022-05-25</subfield>
    <subfield code="s">2022-05-25</subfield>
    <subfield code="t">1</subfield>
    <subfield code="w">2013-03-21</subfield>
    <subfield code="y">LB</subfield>
  </datafield>
  <datafield tag="952" ind1=" " ind2=" ">
    <subfield code="0">0</subfield>
    <subfield code="1">0</subfield>
    <subfield code="2">lcc</subfield>
    <subfield code="4">0</subfield>
    <subfield code="7">0</subfield>
    <subfield code="a">08</subfield>
    <subfield code="b">08</subfield>
    <subfield code="d">2016-03-16</subfield>
    <subfield code="l">1</subfield>
    <subfield code="o">QP300 E564 2010</subfield>
    <subfield code="p">08 004859</subfield>
    <subfield code="r">2018-08-22</subfield>
    <subfield code="s">2018-08-22</subfield>
    <subfield code="t">2</subfield>
    <subfield code="w">2014-01-16</subfield>
    <subfield code="y">LB</subfield>
  </datafield>
  <datafield tag="952" ind1=" " ind2=" ">
    <subfield code="0">0</subfield>
    <subfield code="1">0</subfield>
    <subfield code="2">lcc</subfield>
    <subfield code="4">0</subfield>
    <subfield code="7">0</subfield>
    <subfield code="a">08</subfield>
    <subfield code="b">08</subfield>
    <subfield code="d">2015-01-09</subfield>
    <subfield code="l">1</subfield>
    <subfield code="o">QP300 E564 2010</subfield>
    <subfield code="p">08 005133</subfield>
    <subfield code="r">2023-10-04</subfield>
    <subfield code="s">2022-09-22</subfield>
    <subfield code="t">3</subfield>
    <subfield code="w">2015-01-09</subfield>
    <subfield code="y">LB</subfield>
  </datafield>
  <datafield tag="952" ind1=" " ind2=" ">
    <subfield code="0">0</subfield>
    <subfield code="1">0</subfield>
    <subfield code="2">lcc</subfield>
    <subfield code="4">0</subfield>
    <subfield code="7">0</subfield>
    <subfield code="a">08</subfield>
    <subfield code="b">08</subfield>
    <subfield code="d">2015-01-20</subfield>
    <subfield code="l">4</subfield>
    <subfield code="m">1</subfield>
    <subfield code="o">QP300 E564 2010</subfield>
    <subfield code="p">08 005207</subfield>
    <subfield code="r">2022-10-22</subfield>
    <subfield code="s">2022-10-01</subfield>
    <subfield code="t">4</subfield>
    <subfield code="w">2015-01-20</subfield>
    <subfield code="y">LB</subfield>
  </datafield>
  <datafield tag="952" ind1=" " ind2=" ">
    <subfield code="0">0</subfield>
    <subfield code="1">0</subfield>
    <subfield code="2">lcc</subfield>
    <subfield code="4">0</subfield>
    <subfield code="7">0</subfield>
    <subfield code="a">08</subfield>
    <subfield code="b">08</subfield>
    <subfield code="d">2015-01-20</subfield>
    <subfield code="l">1</subfield>
    <subfield code="o">QP300 E564 2010</subfield>
    <subfield code="p">08 005208</subfield>
    <subfield code="r">2018-04-12</subfield>
    <subfield code="s">2018-04-12</subfield>
    <subfield code="t">5</subfield>
    <subfield code="w">2015-01-20</subfield>
    <subfield code="y">LB</subfield>
  </datafield>
  <datafield tag="952" ind1=" " ind2=" ">
    <subfield code="0">0</subfield>
    <subfield code="1">0</subfield>
    <subfield code="2">lcc</subfield>
    <subfield code="4">0</subfield>
    <subfield code="7">0</subfield>
    <subfield code="a">08</subfield>
    <subfield code="b">08</subfield>
    <subfield code="d">2015-01-20</subfield>
    <subfield code="l">4</subfield>
    <subfield code="o">QP300 E564 2010</subfield>
    <subfield code="p">08 005209</subfield>
    <subfield code="r">2023-11-01</subfield>
    <subfield code="s">2023-11-01</subfield>
    <subfield code="t">6</subfield>
    <subfield code="w">2015-01-20</subfield>
    <subfield code="y">LB</subfield>
  </datafield>
  <datafield tag="952" ind1=" " ind2=" ">
    <subfield code="0">0</subfield>
    <subfield code="1">0</subfield>
    <subfield code="2">lcc</subfield>
    <subfield code="4">0</subfield>
    <subfield code="7">0</subfield>
    <subfield code="a">14</subfield>
    <subfield code="b">14</subfield>
    <subfield code="d">2015-11-21</subfield>
    <subfield code="l">0</subfield>
    <subfield code="o">QP300 E564 2010</subfield>
    <subfield code="p">14 006085</subfield>
    <subfield code="r">2015-12-04</subfield>
    <subfield code="t">1</subfield>
    <subfield code="w">2015-12-04</subfield>
    <subfield code="y">LB</subfield>
  </datafield>
  <datafield tag="952" ind1=" " ind2=" ">
    <subfield code="0">0</subfield>
    <subfield code="1">0</subfield>
    <subfield code="2">lcc</subfield>
    <subfield code="4">0</subfield>
    <subfield code="7">0</subfield>
    <subfield code="a">14</subfield>
    <subfield code="b">14</subfield>
    <subfield code="d">2015-11-21</subfield>
    <subfield code="l">3</subfield>
    <subfield code="m">2</subfield>
    <subfield code="o">QP300 E564 2010</subfield>
    <subfield code="p">14 006086</subfield>
    <subfield code="r">2019-03-16</subfield>
    <subfield code="s">2019-03-09</subfield>
    <subfield code="t">2</subfield>
    <subfield code="w">2015-12-04</subfield>
    <subfield code="y">LB</subfield>
  </datafield>
  <datafield tag="952" ind1=" " ind2=" ">
    <subfield code="0">0</subfield>
    <subfield code="1">0</subfield>
    <subfield code="2">lcc</subfield>
    <subfield code="4">0</subfield>
    <subfield code="7">0</subfield>
    <subfield code="a">07</subfield>
    <subfield code="b">07</subfield>
    <subfield code="d">2016-02-25</subfield>
    <subfield code="l">0</subfield>
    <subfield code="o">QP300 E564 2010</subfield>
    <subfield code="p">07 005624</subfield>
    <subfield code="r">2016-02-25</subfield>
    <subfield code="t">1</subfield>
    <subfield code="w">2016-02-25</subfield>
    <subfield code="y">LB</subfield>
  </datafield>
  <datafield tag="952" ind1=" " ind2=" ">
    <subfield code="0">0</subfield>
    <subfield code="1">0</subfield>
    <subfield code="2">lcc</subfield>
    <subfield code="4">0</subfield>
    <subfield code="7">0</subfield>
    <subfield code="a">08</subfield>
    <subfield code="b">08</subfield>
    <subfield code="d">2016-03-15</subfield>
    <subfield code="l">0</subfield>
    <subfield code="o">QP300 E564 2010</subfield>
    <subfield code="p">08 005747</subfield>
    <subfield code="r">2016-03-15</subfield>
    <subfield code="t">7</subfield>
    <subfield code="w">2016-03-15</subfield>
    <subfield code="y">LB</subfield>
  </datafield>
  <datafield tag="952" ind1=" " ind2=" ">
    <subfield code="0">0</subfield>
    <subfield code="1">0</subfield>
    <subfield code="2">lcc</subfield>
    <subfield code="4">0</subfield>
    <subfield code="7">0</subfield>
    <subfield code="a">13</subfield>
    <subfield code="b">13</subfield>
    <subfield code="d">2016-05-10</subfield>
    <subfield code="l">1</subfield>
    <subfield code="o">BF276 M67 2010</subfield>
    <subfield code="p">13 003742</subfield>
    <subfield code="r">2019-03-12</subfield>
    <subfield code="s">2019-03-12</subfield>
    <subfield code="t">1</subfield>
    <subfield code="w">2016-05-10</subfield>
    <subfield code="y">LB</subfield>
  </datafield>
  <datafield tag="999" ind1=" " ind2=" ">
    <subfield code="c">89292</subfield>
    <subfield code="d">89292</subfield>
  </datafield>
  <controlfield tag="008">130321t20102007sp ||||| |||| 00| 0 spa d</controlfield>
  <datafield tag="020" ind1=" " ind2=" ">
    <subfield code="a">9788434468191</subfield>
  </datafield>
  <datafield tag="040" ind1=" " ind2=" ">
    <subfield code="a">RDA</subfield>
  </datafield>
  <datafield tag="050" ind1=" " ind2=" ">
    <subfield code="a">QP300 E564 2011</subfield>
  </datafield>
  <datafield tag="100" ind1=" " ind2=" ">
    <subfield code="a">Morgado, Ignacio</subfield>
    <subfield code="e">autor</subfield>
    <subfield code="d">autor</subfield>
  </datafield>
  <datafield tag="245" ind1=" " ind2=" ">
    <subfield code="a">Emociones e inteligencia social</subfield>
    <subfield code="b">: las claves para una alianza  entre los sentimientos y la raz&#xF3;n</subfield>
    <subfield code="c">/ Ignacio Morgado</subfield>
  </datafield>
  <datafield tag="260" ind1=" " ind2=" ">
    <subfield code="a">Barcelona</subfield>
    <subfield code="b">: Planeta</subfield>
    <subfield code="c">, 2010</subfield>
  </datafield>
  <datafield tag="300" ind1=" " ind2=" ">
    <subfield code="a">190 p.</subfield>
    <subfield code="c">; 23 cm.</subfield>
  </datafield>
  <datafield tag="500" ind1=" " ind2=" ">
    <subfield code="a">Plan Mixto / Psicologia / P06 / 14 006085</subfield>
  </datafield>
  <datafield tag="500" ind1=" " ind2=" ">
    <subfield code="a">Educaci&#xF3;n Mixta
Psicologia / Desarrollo de comunidades (P16-3) (07 005624)</subfield>
  </datafield>
  <datafield tag="519" ind1=" " ind2=" ">
    <subfield code="a">Educaci&#xF3;n Mixta/</subfield>
    <subfield code="b">Psicolog&#xED;a /</subfield>
    <subfield code="c">Motivaci&#xF3;n y emoci&#xF3;n (B10-01) /</subfield>
    <subfield code="d">(13 003742)</subfield>
  </datafield>
  <datafield tag="519" ind1=" " ind2=" ">
    <subfield code="a">Plan Flexible /</subfield>
    <subfield code="b">Psicolog&#xED;a /</subfield>
    <subfield code="c">Psicometr&#xED;a II (P07-2) /</subfield>
    <subfield code="d">(08 005208, 08 005209)</subfield>
  </datafield>
  <datafield tag="519" ind1=" " ind2=" ">
    <subfield code="a">Plan Flexible /</subfield>
    <subfield code="b">Psicolog&#xED;a /</subfield>
    <subfield code="c">Enfermedades Psicosom&#xE1;ticas (P11-2) /</subfield>
    <subfield code="d">(08 005207, 08 005133)</subfield>
  </datafield>
  <datafield tag="519" ind1=" " ind2=" ">
    <subfield code="a">Educaci&#xF3;n Mixta /</subfield>
    <subfield code="b">Psicolog&#xED;a /</subfield>
    <subfield code="c">Temas Selectos de la Psicolog&#xED;a Social (P28-2) /</subfield>
    <subfield code="d">(08 004504, 08 004859, 08 005747)</subfield>
  </datafield>
  <datafield tag="650" ind1="1" ind2="0">
    <subfield code="a">INTELIGENCIA</subfield>
  </datafield>
  <datafield tag="650" ind1="2" ind2="0">
    <subfield code="a">EMOCIONES</subfield>
  </datafield>
  <datafield tag="942" ind1=" " ind2=" ">
    <subfield code="c">LB</subfield>
    <subfield code="2">lcc</subfield>
  </datafield>
</record>
